<?xml version="1.0" encoding="UTF-8"?><?xml-stylesheet type="text/xsl" href="static/style.xsl"?><OAI-PMH xmlns="http://www.openarchives.org/OAI/2.0/" xmlns:xsi="http://www.w3.org/2001/XMLSchema-instance" xsi:schemaLocation="http://www.openarchives.org/OAI/2.0/ http://www.openarchives.org/OAI/2.0/OAI-PMH.xsd"><responseDate>2026-06-07T07:13:17Z</responseDate><request verb="GetRecord" identifier="oai:riuma.uma.es:10630/14205" metadataPrefix="marc">https://riuma.uma.es/rest/oai/request</request><GetRecord><record><header><identifier>oai:riuma.uma.es:10630/14205</identifier><datestamp>2026-02-03T10:28:09Z</datestamp><setSpec>com_10630_1685</setSpec><setSpec>col_10630_38056</setSpec></header><metadata><record xmlns="http://www.loc.gov/MARC21/slim" xmlns:dcterms="http://purl.org/dc/terms/" xmlns:doc="http://www.lyncode.com/xoai" xmlns:xsi="http://www.w3.org/2001/XMLSchema-instance" xsi:schemaLocation="http://www.loc.gov/MARC21/slim http://www.loc.gov/standards/marcxml/schema/MARC21slim.xsd">
   <leader>00925njm 22002777a 4500</leader>
   <datafield ind2=" " ind1=" " tag="042">
      <subfield code="a">dc</subfield>
   </datafield>
   <datafield ind2=" " ind1=" " tag="720">
      <subfield code="a">Rodríguez Calderón, Alexis</subfield>
      <subfield code="e">author</subfield>
   </datafield>
   <datafield ind2=" " ind1=" " tag="260">
      <subfield code="c">2017-07-12</subfield>
   </datafield>
   <datafield ind2=" " ind1=" " tag="520">
      <subfield code="a">La coyuntura temporal y tecnológica que hemos atravesado en la primera década de siglo XXI, y que en el futuro podremos analizar si estamos atravesando todavía, ha propiciado el desarrollo y perfeccionamiento del fenómeno transmedia, un modelo de narración que no utiliza un único medio de expresión, sino que se vale de todos los que tiene a su disposición para tejer de manera reticular su discurso. Como se trata de un fenómeno tan reciente en el tiempo, que aún hoy se está gestando, no ha sido todavía propuesta su aplicación práctica al mundo educativo, pero es posible trasladar los fundamentos teóricos de la narración transmedia a la metodología docente para componer un modelo educativo que transmita los contenidos utilizando las ventajas que aportan las herramientas de este fenómeno para narrar discursos.</subfield>
   </datafield>
   <datafield ind1="8" ind2=" " tag="024">
      <subfield code="a">http://hdl.handle.net/10630/14205</subfield>
   </datafield>
   <datafield tag="653" ind2=" " ind1=" ">
      <subfield code="a">Educación</subfield>
   </datafield>
   <datafield tag="653" ind2=" " ind1=" ">
      <subfield code="a">Tecnología educativa</subfield>
   </datafield>
   <datafield ind2="0" ind1="0" tag="245">
      <subfield code="a">La educación en el entorno transmedia</subfield>
   </datafield>
</record>
</metadata></record></GetRecord></OAI-PMH>